| Поле | Название | Значение |
| |
Тип записи |
a |
| |
Библиографический уровень |
m |
| 001 |
Контрольный номер |
RU\infra-m\znanium\bibl\2132275 |
| 005 |
Дата корректировки |
20260429142134.1 |
| 008 |
Кодируемые данные |
231211s2023 RU g rus u |
| 020 |
Индекс ISBN |
__ |
| a |
ISBN |
978-5-9275-4260-4 |
| 040 |
Источник каталогиз. |
__ |
| a |
Служба первич. каталог. |
Общество с ограниченной ответственностью «ЗНАНИУМ» |
| 041 |
Код языка издания |
__ |
| a |
Код языка текста |
rus |
| 044 |
Код страны публикации |
__ |
| a |
Код страны публикации |
RU |
| 080 |
Индекс УДК |
__ |
| a |
Индекс УДК |
911 |
| 084 |
Индекс другой классификации/Индекс ББК |
__ |
| 2 |
Источник индекса |
rubbk |
| a |
Индекс другой классификации/Индекс ББК |
268 |
| 084 |
Индекс другой классификации/Индекс ББК |
__ |
| 2 |
Источник индекса |
okso |
| a |
Индекс другой классификации/Индекс ББК |
05.03.02 |
| 100 |
Автор |
__ |
| a |
Автор |
Кутилин В.С. |
| q |
Полное имя |
Кутилин Владимир Стефанович |
| u |
Дополнение |
Южный федеральный университет |
| 245 |
Заглавие |
__ |
| a |
Заглавие |
Природные ландшафты Ростовской области |
| b |
Продолж. заглавия |
Учебное пособие |
| c |
Ответственность |
Южный федеральный университет |
| 260 |
Выходные данные |
__ |
| a |
Место издания |
Ростов-на-Дону |
| b |
Издательство |
Издательство Южного федерального университета (ЮФУ) |
| c |
Дата издания |
2023 |
| 300 |
Физическое описание |
__ |
| a |
Объем |
124 с. |
| 520 |
Аннотация |
__ |
| a |
Аннотация |
В учебном пособии дана подробная характеристика условий особенностей биоклиматического режима природных процессов в зональных типах ландшафтов Ростовской области в таблицах графиках блоковых схемах. Цель пособия - дать комплексную физико-географическую характеристику природных условий Ростовской области с использованием графического метода который обеспечивает наглядность результатов обработки количественной информации. Учебное пособие предназначено для студентов бакалавриата обучающихся по направлению 05.03.02 «География». Книга представляет интерес для широкого круга специалистов студентов и учащихся учебных заведений а также для читателей интересующихся географией. |
| 521 |
Примеч. о цел. назн. |
__ |
| a |
Примеч. о целев. назн. |
ВО - Бакалавриат |
| 650 |
Тематические рубрики |
__ |
| a |
Основная рубрика |
Архитектура. Искусство |
| x |
Основная подрубрика |
Садово-парковая и ландшафтная архитектура |
| 655 |
Указ. предметных рубрик (устаревшее) |
__ |
| a |
Жанр/ форма (устаревшее) |
Учебное пособие |
| 700 |
Другие авторы |
__ |
| a |
Другие авторы |
Смагина Т.А. |
| q |
Полное имя |
Смагина Татьяна Андреевна |
| u |
Дополнение |
Южный федеральный университет |
| 700 |
Другие авторы |
__ |
| a |
Другие авторы |
Назаренко О.В. |
| q |
Полное имя |
Назаренко Олеся Владимировна |
| u |
Дополнение |
Южный федеральный университет |
| 700 |
Другие авторы |
__ |
| a |
Другие авторы |
Савицкий В.А. |
| q |
Полное имя |
Савицкий Вячеслав Александрович |
| u |
Дополнение |
Южный федеральный университет |
| 856 |
Электронный адрес документа |
4_ |
| a |
Имя сервера/домена |
znanium.ru |
| m |
Помощь |
ebs_support@infra-m.ru |
| n |
Местонахождение сервера |
НИЦ ИНФРА-М |
| u |
URL |
https://znanium.ru/catalog/document?id=439276 |
| 856 |
Электронный адрес документа |
48 |
| a |
Имя сервера/домена |
znanium.ru |
| d |
Путь |
/cover/2132 |
| f |
Электронное имя |
2132275.jpg |
| q |
Тип электронного формата |
image/jpeg |
| u |
URL |
https://znanium.ru/cover/2132/2132275.jpg |
| 911 |
|
__ |
| u |
|
0030=https://znanium.ru/catalog/document?id=439276 |